Forma y diseño
Gardado en:
| Autor Principal: | |
|---|---|
| Formato: | Libro |
| Idioma: | Lingua castelá |
| Publicado: |
Buenos Aires
Nueva Visión
1984
|
| Series: | Colección Diagonal
|
| Subjects: | |
| Tags: |
Engadir etiqueta
Sen Etiquetas, Sexa o primeiro en etiquetar este rexistro!
|
MARC
| LEADER | 00000nam a2200000 a 4500 | ||
|---|---|---|---|
| 001 | UCO5216 | ||
| 003 | CL-VaPUC | ||
| 005 | 20240805121240.0 | ||
| 008 | 000825e19840000AG |||||||||||||||||spa|d | ||
| 020 | |a 9789506020736 | ||
| 040 | |c Pontificia Universidad Católica de Valparaíso | ||
| 082 | 0 | 4 | |a 724.6 |b KAH |2 21 |
| 100 | |a Kahn, Louis Isadore |e author |9 858644 | ||
| 245 | 1 | 0 | |a Forma y diseño |
| 260 | |a Buenos Aires |b Nueva Visión |c 1984 | ||
| 300 | |a 63 p | ||
| 490 | 0 | |a Colección Diagonal | |
| 583 | |a last modification |c 20000825 00:00:00 |k Rodrigo Vera | ||
| 650 | 0 | |a Arquitectura |9 804558 | |
| 650 | 0 | |a Arquitectura moderna |9 265021 | |
| 650 | 7 | |a DISEÑOS Y PLANOS |2 CL-VaPUC |9 262672 | |
| 942 | |c BK |2 ddc | ||
| 945 | |d 20000825 00:00:00 |a vberengu | ||
| 999 | |c 291160 |d 291158 | ||
| 952 | |0 0 |1 0 |4 0 |6 724_600000000000000_KAH_1984 |7 0 |8 A |9 340911 |a BIBARQ |b BIBARQ |d 2019-11-20 |i 4478096 |l 5 |m 1 |o 724.6 KAH 1984 |p 4478096 |r 2025-03-31 |s 2025-03-17 |w 2019-11-20 |y BK |k ARQ | ||
| 952 | |0 0 |1 0 |2 ddc |4 0 |6 724_600000000000000_KAH_1984 |7 0 |8 A |9 592389 |a BIBARQ |b BIBARQ |c GEN |d 2023-11-10 |e 3 |g 13423.50 |i 5659378 |l 1 |o 724.6 KAH 1984 |p 5659378 |r 2025-01-20 |s 2024-03-12 |t 2 |v 13423.50 |w 2023-11-10 |y BK |k ARQ | ||
| 952 | |0 0 |1 0 |2 ddc |4 0 |6 724_600000000000000_KAH_1984 |7 0 |8 A |9 592390 |a BIBARQ |b BIBARQ |c GEN |d 2023-11-10 |e 3 |g 13423.50 |i 5659379 |l 1 |o 724.6 KAH 1984 |p 5659379 |r 2025-03-27 |s 2025-03-20 |t 3 |v 13423.50 |w 2023-11-10 |y BK |k ARQ | ||